000
00203 a2200097 4500
020
_a
0803710968
041
_a
eng
100
_a
Wendy Cheyette Lewison
245
_a
Going to sleep on the farm
942
_c
BK
999
_c
29207
_d
29205